ABC de la graphologie

Saved in:
Bibliographic Details
Main Author: Crepieux-Jamin, J. (Jules) 1858-1940
Other Authors: Lecerf, Andre (Author of introduction, etc.)
Format: Book
Language:French
Published: [Paris] : [Presses universitaires de France], [2006]
Edition:[2e tirage]
Series:Quadrige (Presses universitaires de France). Dicos poche
Subjects:
Tags: Add Tag
No Tags, Be the first to tag this record!

MARC

LEADER 00000nam a2200000 i 4500
001 1/83762
008 080505s2006 fre d
020 |a 2-13-054262-X 
035 |l 10097012 
040 |a GR-MY-UA  |b gre  |e aacr 
041 0 |a fre 
082 0 |a 155.282  |2 (22) 
100 1 |a Crepieux-Jamin, J.  |q (Jules)  |d 1858-1940. 
245 1 0 |a ABC de la graphologie /  |c Jules Crepieux-Jamin ; preface d'Andre Lecerf 
250 |a [2e tirage] 
260 |a [Paris] :   |b [Presses universitaires de France],   |c [2006] 
300 |a vii, 667 σ.;  |c 20 εκ. 
490 1 |a Quadrige. Dicos poche 
650 0 0 |a Graphology. 
700 1 |a Lecerf, Andre.  |4 aui 
830 0 |a Quadrige (Presses universitaires de France). Dicos poche 
852 |a INST  |b RHODES  |e 20080505  |h 155.282 CRE  |p 005400029250  |q 005400029250  |t BK  |y 0 
901 |a BIBL4-2008-2 
909 |a Ρ  |b 152487 
922 |a 4ΕΛΗ  |b 200803  |c ΕΠΕΑΕΚ2/ΤΕΠΑΕΣ  |d ΠΑΠΑΣΩΤΗΡΙΟΥ 
970 |a ΚΟΖΑ  |b ΜΑΡΙΑ  |z 2008/05/05